000 00440nam a2200157 4500
001 148483
003 ES-MaACL
005 20230906202649.0
007 t|
008 070214s1961 sp r ||||1| spa d
100 1 _aSteinbeck, John (
_d1902-1968)
_9108042
245 1 4 _aUna vez hubo una guerra /
_cJohn Steinbeck.
260 _aBarcelona :
_bLuis de Caralt,
_c1961.
300 _a256 p. ;
_c24 cm.
852 _aES-MaACL
_jF-14057
_bR.48214
999 _c148483
_d148483